000 00929cam a2200265 4500
001 X111185
008 000000n2001 000 0 eng u
035 _a(Sirsi) u111185
100 _aGuit, R.
245 _aTime is money
260 _c2001
490 _aBuilding
_v266(8170) 23 February 2001, 60(1)
520 _aCompanies face tough financial penalties if they fall short of PFI deadlines. Considers the financial risks special purpose vehicles (SPVs) face if they fail to hit deadlines, and that extensions of time, when granted, are not an easy option to fall back upon.
590 _aABS
650 _aEXTENSION OF TIME
650 _aPFI CONTRACTS
650 _aTIME
650 _aDEADLINES
650 _aSPECIAL PURPOSE VEHICLE
650 _aPRIVATE FINANCE INTIATIVE
650 _aLATE COMPLETION
650 _aPAYMENTS
690 _aMANAGEMENT-BUSINESS MANAGEMENT-FINANCIAL MANAGEMENT
942 _n0
999 _c66237
_d66237